[Event "World Junior U20 Open 2018"]
[Site "Gebze"]
[Date "2018.09.12"]
[Round "8.70"]
[White "Nalbant, Tuna Onat"]
[Black "Ongut, Tamas Gunes"]
[Result "1/2-1/2"]
[WhiteElo "2241"]
[BlackElo "2121"]
[Annotator "NA"]
[PlyCount "46"]
[EventDate "2018.09.05"]
[EventType "swiss"]
[EventCountry "TUR"]
[SourceTitle "playchess.com"]
[Source "ChessBase"]
[SourceQuality "1"]
[TimeControl "40/5400+30:1800+30"]

1. e4 {[%emt 0:00:30]} c5 {[%emt 0:01:30]} 2. Nf3 {[%emt 0:00:00]} d6 {[%emt 0:00:30]} 3. d4 {[%emt 0:00:00]} cxd4 {[%emt 0:00:00]} 4. Nxd4 {[%emt 0:00:30]} Nf6 {[%emt 0:00:00]} 5. Nc3 {[%emt 0:00:30]} a6 {[%emt 0:00:00]} 6. Bg5 {[%emt 0:01:30]} e6 {[%emt 0:00:00]} 7. f4 {[%emt 0:00:30]} h6 {[%emt 0:00:30]} 8. Bh4 {[%emt 0:00:30]} Qb6 {[%emt 0:00:30]} 9. a3 {[%emt 0:00:00]} Be7 {[%emt 0:00:30]} 10. Bf2 {[%emt 0:00:00]} Qc7 {[%emt 0:00:00]} 11. Qf3 {[%emt 0:00:30]} Nbd7 {[%emt 0:00:00]} 12. O-O-O {[%emt 0:00:30]} b5 {[%emt 0:00:00]} 13. Bd3 {[%emt 0:00:30]} Rb8 {[%emt 0:00:00]} 14. Rhe1 {[%emt 0:14:30]} b4 {[%emt 0:00:30]} 15. axb4 {[%emt 0:03:30]} Rxb4 {[%emt 0:00:00]} 16. Nb3 {[%emt 0:24:30]} Bb7 {[%emt 0:04:00]} 17. Kb1 {[%emt 0:04:30]} Nc5 {[%emt 0:06:30]} 18. Nxc5 {[%emt 0:01:30]} dxc5 {[%emt 0:00:30]} 19. Na2 {[%emt 0:02:30]} Ra4 {[%emt 0:07:30]} 20. Nc3 {[%emt 0:05:30]} Rb4 {[%emt 0:00:00]} 21. Na2 {[%emt 0:05:30]} Ra4 {[%emt 0:02:00]} 22. Nc3 {[%emt 0:10:30]} Rb4 {[%emt 0:00:30]} 23. Na2 {[%emt 0:01:30]} Ra4 {[%emt 0:00:00]} 1/2-1/2

[Event "World Junior U20 Open 2018"]
[Site "Gebze"]
[Date "2018.09.12"]
[Round "8.71"]
[White "Dedebas, Emre Emin"]
[Black "Gulden, Egemen"]
[Result "1/2-1/2"]
[WhiteElo "2334"]
[BlackElo "2068"]
[Annotator "NA"]
[PlyCount "60"]
[EventDate "2018.09.05"]
[EventType "swiss"]
[EventCountry "TUR"]
[SourceTitle "playchess.com"]
[Source "ChessBase"]
[SourceQuality "1"]
[TimeControl "40/5400+30:1800+30"]

1. d4 {[%emt 0:00:30]} Nf6 {[%emt 0:00:30]} 2. c4 {[%emt 0:00:00]} g6 {[%emt 0:00:30]} 3. Nc3 {[%emt 0:00:00]} Bg7 {[%emt 0:00:00]} 4. e4 {[%emt 0:00:30]} d6 {[%emt 0:00:00]} 5. Be2 {[%emt 0:00:00]} O-O {[%emt 0:00:30]} 6. Be3 {[%emt 0:00:00]} c5 {[%emt 0:01:30]} 7. d5 {[%emt 0:00:00]} e6 {[%emt 0:00:30]} 8. Nf3 {[%emt 0:00:00]} exd5 {[%emt 0:00:30]} 9. cxd5 {[%emt 0:00:30]} Bg4 {[%emt 0:03:30]} 10. Nd2 {[%emt 0:02:30]} Bxe2 {[%emt 0:01:30]} 11. Qxe2 {[%emt 0:00:30]} Nfd7 {[%emt 0:04:30]} 12. O-O {[%emt 0:02:30]} Na6 {[%emt 0:02:30]} 13. Nc4 {[%emt 0:10:30]} Nb6 {[%emt 0:04:30]} 14. Bf4 {[%emt 0:08:30]} Nxc4 {[%emt 0:08:30]} 15. Qxc4 {[%emt 0:00:30]} Nc7 {[%emt 0:00:00]} 16. Rad1 {[%emt 0:09:30]} Qd7 {[%emt 0:03:00]} 17. a4 {[%emt 0:09:30]} a6 {[%emt 0:03:30]} 18. Qd3 {[%emt 0:12:30]} b5 {[%emt 0:01:30]} 19. Qg3 {[%emt 0:02:30]} Rfd8 {[%emt 0:06:30]} 20. e5 {[%emt 0:01:30]} dxe5 {[%emt 0:07:30]} 21. Bxe5 {[%emt 0:01:30]} Ne8 {[%emt 0:00:00]} 22. Ne4 {[%emt 0:15:30]} Qe7 {[%emt 0:07:00]} 23. Bxg7 {[%emt 0:03:38]} Qxe4 {[%emt 0:01:30]} 24. Bc3 {[%emt 0:01:28]} Rxd5 {[%emt 0:00:30]} 25. Rde1 {[%emt 0:00:28]} Qf5 {[%emt 0:02:30]} 26. Re3 {[%emt 0:03:45]} b4 {[%emt 0:03:30]} 27. Rfe1 {[%emt 0:01:59]} bxc3 {[%emt 0:14:30]} 28. Rxe8+ {[%emt 0:00:21]} Rxe8 {[%emt 0:00:30]} 29. Rxe8+ {[%emt 0:00:10]} Kg7 {[%emt 0:00:00]} 30. Qxc3+ {[%emt 0:00:23]} Qf6 {[%emt 0:02:00]} 1/2-1/2

[Event "World Junior U20 Open 2018"]
[Site "Gebze"]
[Date "2018.09.12"]
[Round "8.72"]
[White "Ozturk, Efe Hakan"]
[Black "Akdogan, Alperen"]
[Result "0-1"]
[WhiteElo "2065"]
[BlackElo "2278"]
[Annotator "NA"]
[PlyCount "64"]
[EventDate "2018.09.05"]
[EventType "swiss"]
[EventCountry "TUR"]
[SourceTitle "playchess.com"]
[Source "ChessBase"]
[SourceQuality "1"]
[TimeControl "40/5400+30:1800+30"]

1. d4 {[%emt 0:00:30]} d5 {[%emt 0:00:30]} 2. c4 {[%emt 0:00:30]} e6 {[%emt 0:00:00]} 3. Nf3 {[%emt 0:00:30]} Nf6 {[%emt 0:00:00]} 4. g3 {[%emt 0:00:30]} Be7 {[%emt 0:00:30]} 5. Bg2 {[%emt 0:00:00]} O-O {[%emt 0:00:00]} 6. O-O {[%emt 0:00:00]} dxc4 {[%emt 0:00:00]} 7. Ne5 {[%emt 0:00:30]} Nc6 {[%emt 0:00:30]} 8. Bxc6 {[%emt 0:00:30]} bxc6 {[%emt 0:00:00]} 9. Nxc6 {[%emt 0:00:30]} Qe8 {[%emt 0:00:00]} 10. Nxe7+ {[%emt 0:00:30]} Qxe7 {[%emt 0:00:30]} 11. Qc2 {[%emt 0:00:30]} c5 {[%emt 0:28:30]} 12. Qxc4 {[%emt 0:05:30]} cxd4 {[%emt 0:00:00]} 13. Qxd4 {[%emt 0:00:30]} e5 {[%emt 0:00:00]} 14. Qh4 {[%emt 0:06:30]} Qb7 {[%emt 0:02:30]} 15. Nc3 {[%emt 0:07:30]} Be6 {[%emt 0:01:30]} 16. Bg5 {[%emt 0:10:30]} Ng4 {[%emt 0:00:30]} 17. h3 {[%emt 0:15:30]} Qxb2 {[%emt 0:00:30]} 18. Be7 {[%emt 0:12:30]} Qxc3 {[%emt 0:14:30]} 19. Bxf8 {[%emt 0:00:30]} Nxf2 {[%emt 0:00:30]} 20. Kxf2 {[%emt 0:16:38]} Rxf8 {[%emt 0:00:30]} 21. Rfc1 {[%emt 0:03:33]} Qb2 {[%emt 0:07:30]} 22. a3 {[%emt 0:12:53]} Qb6+ {[%emt 0:02:30]} 23. e3 {[%emt 0:02:47]} Qb2+ {[%emt 0:00:30]} 24. Ke1 {[%emt 0:01:50]} Qg2 {[%emt 0:06:30]} 25. g4 {[%emt 0:00:44]} Bc4 {[%emt 0:01:30]} 26. Qf2 {[%emt 0:00:32]} Qh1+ {[%emt 0:00:30]} 27. Kd2 {[%emt 0:00:01]} Rd8+ {[%emt 0:00:30]} 28. Kc3 {[%emt 0:00:40]} Qc6 {[%emt 0:00:30]} 29. Rab1 {[%emt 0:00:50]} Rd3+ {[%emt 0:01:30]} 30. Kb2 {[%emt 0:00:31]} Qb5+ {[%emt 0:00:30]} 31. Kc2 {[%emt 0:00:28]} Qa4+ {[%emt 0:00:30]} 32. Kb2 {[%emt 0:00:17]} Qxa3+ {[%emt 0:00:30]} 0-1

[Event "World Junior U20 Open 2018"]
[Site "Gebze"]
[Date "2018.09.12"]
[Round "8.73"]
[White "Karaoglan, Doruk"]
[Black "Lin, Peisen"]
[Result "1-0"]
[WhiteElo "2196"]
[BlackElo "2034"]
[Annotator "TA"]
[PlyCount "161"]
[EventDate "2018.09.05"]
[EventType "swiss"]
[EventCountry "TUR"]
[SourceTitle "playchess.com"]
[Source "ChessBase"]
[SourceQuality "1"]

{[%evp 25,161,0,0,-13,-7,-43,0,0,0,0,0,0,0,-41,-44,-35,0,0,0,0,0,-33,-33,-33,-33,-32,-25,-25,-22,-54,-51,-164,-162,-184,-174,-164,-58,-81,-58,-74,-48,-45,-50,-67,-55,-74,-70,-61,-52,-46,-52,-39,0,0,0,-11,0,-8,0,0,0,0,0,0,76,85,96,96,91,104,89,82,63,1,1,4,4,1,77,15,125,114,120,88,99,109,160,143,132,0,0,0,0,0,0,0,8,0,202,201,488,471,445,0,8,0,353,28,23,19,134,131,677,666,1304,1175,977,877,1169,1123,29958,29959,29966,29968,29971,29971,29966,29972,29966,29965,29953,29950,29976,29977,29980,29980,29980,29980]} 1. e4 e6 2. d4 d5 3. Nd2 c5 4. Ngf3 Nc6 5. exd5 Qxd5 6. Bc4 Qd7 7. Nb3 cxd4 8. Nbxd4 Nxd4 9. Nxd4 a6 10. O-O Nf6 11. a4 Qc7 12. Qe2 Bd6 13. h3 O-O {LiveBook: 21 Games} 14. Be3 {C07: French Tarrasch: 3...c5, 4 Ngf3 and 4 exd5 Qxd5} (14. Bg5 Ne4 15. Bh4 Nd2 16. Qxd2 Qxc4 17. Rfd1 Re8 18. b3 Qc5 19. Ne2 Bf8 20. a5 e5 21. Bg5 Bf5 {1-0 (46) Polgar,J (2693)-Jianu,V (2574) Yerevan 2014}) 14... b6 15. Bg5 $146 ({Predecessor:} 15. Rfd1 Bb7 16. c3 Nd5 17. Bb3 Nxe3 18. Qxe3 Rae8 19. Bc2 g6 20. Be4 Bc8 21. Qe2 e5 {0-1 (38) Kucypera,M (2111)-Soozankar,A (2264) Krakow 2009}) 15... Nd7 16. Rad1 {The position is equal.} Ne5 17. Bb3 Ng6 18. Qc4 Bc5 19. Ne2 Bb7 20. Qg4 Rfe8 21. Nf4 Ne5 22. Qg3 $1 Ng6 {aiming for ...h6.} 23. Nh5 Qxg3 24. Nxg3 h6 $36 {[%mdl 2048] Black has the initiative.} 25. Be3 Bxe3 26. fxe3 Red8 27. Ne2 Nh4 28. g3 (28. e4 $1 $15) 28... Nf3+ $19 29. Kf2 Nd2 30. Rfe1 Nxb3 (30... Rd6 $19 31. Nc3 Rad8) 31. cxb3 $15 a5 32. Nc3 Rac8 33. e4 Kf8 34. Ke3 Ke7 35. Rc1 Ba6 {Hoping for ...Rd3+.} 36. Red1 Rxd1 37. Rxd1 {[%mdl 4096] Endgame KRB-KRN} Rc5 38. Rd4 e5 39. Nd5+ Ke6 40. Rd2 Rc8 41. Nc3 g6 42. g4 Bb7 43. Nb5 {Threatens to win with Rd6+.} Bc6 44. Na3 Bd7 (44... Rb8 $11 {keeps the balance.}) 45. Nc4 $16 Rc6 46. Nxe5 Kxe5 47. Rxd7 {KR-KR} Rc2 48. Rd5+ ({Reject} 48. Rxf7 $6 Rxb2 49. Re7+ Kd6 $11) 48... Kf6 49. Kf4 (49. Rd6+ $14 Kg5 50. Rxb6 Rxb2 51. Rb7) 49... Rf2+ $11 50. Kg3 Rxb2 51. Rb5 Ke6 (51... Rd2 $11) 52. Kf3 (52. Rxb6+ $16 Ke5 53. Kf3) 52... Kd6 (52... Ke7 $11) 53. Rxb6+ $16 Kc5 54. Rb7 Kd4 55. Rd7+ Kc3 ({Better is} 55... Kc5) 56. Rxf7 Rxb3 57. e5 (57. Kf4 $16) 57... Kd4+ $11 58. Kf4 Rb4 $1 59. Rd7+ Kc5+ 60. Kf3 Rb3+ 61. Kf2 Rb6 $2 {[#]} (61... Rxh3 $11 {and Black has nothing to worry.} 62. Ra7 Kd5) 62. Ke3 $1 $18 Rb3+ $2 {[#]} (62... Rb4 {was necessary.} 63. e6 Rb6) 63. Rd3 $1 {[%cal Rd3b3]} Rb6 64. Rd7 $2 (64. Kf4 $18 {And now Kf3 would win.} Rb4+ 65. Ke3) 64... Rb3+ $11 65. Rd3 $2 {[%mdl 8192]} (65. Ke2 $11) 65... Rb6 $1 $18 66. Rd8 $2 (66. Kf3 $18) 66... Rb3+ $11 67. Ke2 Rb6 (67... Rb4 $11) 68. Ra8 $16 Kb4 $2 {[%mdl 8192]} (68... Kd4 $16 69. Rxa5 g5) 69. Kd3 $18 Kxa4 {Now ...Kb5 and Black clings on.} 70. Kc4 Rb1 71. e6 Re1 72. Kd5 Kb4 73. Kd6 {White mates.} Rd1+ 74. Ke5 Re1+ 75. Kf6 Rf1+ 76. Kxg6 Re1 77. Kf7 Rf1+ 78. Ke8 a4 79. e7 a3 80. Kd7 Rd1+ 81. Kc7 {Precision: White = 54%, Black = 44%.} 1-0

[Event "World Junior U20 Open 2018"]
[Site "Gebze"]
[Date "2018.09.12"]
[Round "8.74"]
[White "Sezdbekov, Ruslan"]
[Black "Rajic, Ivan"]
[Result "1-0"]
[WhiteElo "2160"]
[BlackElo "2021"]
[Annotator "NA"]
[PlyCount "127"]
[EventDate "2018.09.05"]
[EventType "swiss"]
[EventCountry "TUR"]
[SourceTitle "playchess.com"]
[Source "ChessBase"]
[SourceQuality "1"]
[TimeControl "40/5400+30:1800+30"]

1. e4 {[%emt 0:00:30]} c5 {[%emt 0:00:30]} 2. Nf3 {[%emt 0:00:00]} d6 {[%emt 0:00:30]} 3. c3 {[%emt 0:00:00]} Nf6 {[%emt 0:00:00]} 4. Be2 {[%emt 0:00:00]} Nc6 {[%emt 0:02:00]} 5. d4 {[%emt 0:00:00]} cxd4 {[%emt 0:00:30]} 6. cxd4 {[%emt 0:00:00]} Nxe4 {[%emt 0:09:30]} 7. d5 {[%emt 0:00:00]} Qa5+ {[%emt 0:00:00]} 8. Nc3 {[%emt 0:00:30]} Nxc3 {[%emt 0:01:00]} 9. bxc3 {[%emt 0:00:00]} Nb8 {[%emt 0:04:30]} 10. O-O {[%emt 0:00:00]} e5 {[%emt 0:05:30]} 11. dxe6 {[%emt 0:01:30]} Bxe6 {[%emt 0:01:30]} 12. Nd4 {[%emt 0:00:30]} Nd7 {[%emt 0:03:30]} 13. Rb1 {[%emt 0:08:30]} Qc7 {[%emt 0:05:30]} 14. Bf3 {[%emt 0:03:30]} Rb8 {[%emt 0:02:30]} 15. Nb5 {[%emt 0:09:30]} Qb6 {[%emt 0:01:30]} 16. Bf4 {[%emt 0:07:30]} Ne5 {[%emt 0:03:30]} 17. Be3 {[%emt 0:01:30]} Qa5 {[%emt 0:11:30]} 18. Bxa7 {[%emt 0:04:30]} Ra8 {[%emt 0:01:30]} 19. Re1 {[%emt 0:03:30]} Be7 {[%emt 0:07:30]} 20. Bxb7 {[%emt 0:03:30]} Rxa7 {[%emt 0:02:30]} 21. Nxa7 {[%emt 0:00:00]} Qxa7 {[%emt 0:01:30]} 22. Rxe5 {[%emt 0:03:00]} dxe5 {[%emt 0:01:30]} 23. Bc6+ {[%emt 0:00:30]} Kf8 {[%emt 0:08:30]} 24. Rb7 {[%emt 0:02:30]} Qa8 {[%emt 0:00:30]} 25. Rxe7 {[%emt 0:00:30]} Kxe7 {[%emt 0:00:00]} 26. Bxa8 {[%emt 0:00:30]} Rxa8 {[%emt 0:00:00]} 27. a4 {[%emt 0:00:30]} Bd7 {[%emt 0:06:48]} 28. Qd5 {[%emt 0:01:30]} Rxa4 {[%emt 0:00:25]} 29. Qxe5+ {[%emt 0:00:00]} Be6 {[%emt 0:02:33]} 30. h3 {[%emt 0:01:00]} g6 {[%emt 0:02:56]} 31. g4 {[%emt 0:00:30]} Rc4 {[%emt 0:01:36]} 32. f4 {[%emt 0:01:30]} f6 {[%emt 0:01:54]} 33. Qa5 {[%emt 0:00:30]} f5 {[%emt 0:04:47]} 34. g5 {[%emt 0:01:30]} Kd7 {[%emt 0:01:21]} 35. Qe5 {[%emt 0:02:30]} Re4 {[%emt 0:01:21]} 36. Qg7+ {[%emt 0:00:30]} Kd6 {[%emt 0:00:37]} 37. Qxh7 {[%emt 0:01:30]} Rxf4 {[%emt 0:01:43]} 38. Qxg6 {[%emt 0:00:30]} Rh4 {[%emt 0:02:09]} 39. Kg2 {[%emt 0:01:30]} f4 {[%emt 0:01:04]} 40. Qf6 {[%emt 0:00:00]} f3+ {[%emt 0:00:00]} 41. Kxf3 {[%emt 0:01:00]} Rxh3+ {[%emt 0:03:16]} 42. Kg2 {[%emt 0:00:30]} Rh4 {[%emt 0:03:30]} 43. g6 {[%emt 0:02:30]} Rg4+ {[%emt 0:03:30]} 44. Kf3 {[%emt 0:00:30]} Rc4 {[%emt 0:06:31]} 45. g7 {[%emt 0:00:30]} Rc8 {[%emt 0:00:16]} 46. c4 {[%emt 0:03:30]} Kd7 {[%emt 0:01:51]} 47. c5 {[%emt 0:00:00]} Rxc5 {[%emt 0:04:34]} 48. Qxe6+ {[%emt 0:00:00]} Kxe6 {[%emt 0:00:03]} 49. g8=Q+ {[%emt 0:00:00]} Kd6 {[%emt 0:00:13]} 50. Ke4 {[%emt 0:00:00]} Re5+ {[%emt 0:01:03]} 51. Kd4 {[%emt 0:00:30]} Re7 {[%emt 0:00:24]} 52. Qd5+ {[%emt 0:00:30]} Kc7 {[%emt 0:00:55]} 53. Kc5 {[%emt 0:00:30]} Rd7 {[%emt 0:00:07]} 54. Qg8 {[%emt 0:01:30]} Re7 {[%emt 0:00:35]} 55. Qh8 {[%emt 0:00:30]} Rf7 {[%emt 0:02:15]} 56. Qh5 {[%emt 0:00:30]} Re7 {[%emt 0:00:38]} 57. Qf5 {[%emt 0:00:30]} Rd7 {[%emt 0:00:48]} 58. Qe5+ {[%emt 0:00:30]} Kb7 {[%emt 0:01:27]} 59. Kb5 {[%emt 0:02:30]} Ka7 {[%emt 0:02:43]} 60. Kc6 {[%emt 0:00:30]} Rb7 {[%emt 0:00:20]} 61. Qe4 {[%emt 0:00:30]} Kb8 {[%emt 0:00:51]} 62. Qd4 {[%emt 0:02:30]} Rc7+ {[%emt 0:01:04]} 63. Kb6 {[%emt 0:00:30]} Rb7+ {[%emt 0:03:52]} 64. Ka6 {[%emt 0:00:30]} 1-0

[Event "World Junior U20 Open 2018"]
[Site "Gebze"]
[Date "2018.09.12"]
[Round "8.75"]
[White "Kilic, Gokturk Kagan"]
[Black "Piyumantha, M Sasith Nipun"]
[Result "1/2-1/2"]
[WhiteElo "1910"]
[BlackElo "2139"]
[Annotator "NA"]
[PlyCount "61"]
[EventDate "2018.09.05"]
[EventType "swiss"]
[EventCountry "TUR"]
[SourceTitle "playchess.com"]
[Source "ChessBase"]
[SourceQuality "1"]
[TimeControl "40/5400+30:1800+30"]

1. e4 {[%emt 0:00:30]} c5 {[%emt 0:00:30]} 2. Nf3 {[%emt 0:00:30]} Nc6 {[%emt 0:00:00]} 3. Bb5 {[%emt 0:01:30]} g6 {[%emt 0:00:00]} 4. O-O {[%emt 0:02:30]} Bg7 {[%emt 0:00:30]} 5. c3 {[%emt 0:02:30]} e5 {[%emt 0:00:30]} 6. Na3 {[%emt 0:09:30]} Nge7 {[%emt 0:00:30]} 7. Nc2 {[%emt 0:16:30]} O-O {[%emt 0:06:30]} 8. d4 {[%emt 0:06:30]} cxd4 {[%emt 0:00:30]} 9. Bxc6 {[%emt 0:10:30]} Nxc6 {[%emt 0:09:30]} 10. cxd4 {[%emt 0:01:30]} exd4 {[%emt 0:00:30]} 11. Nfxd4 {[%emt 0:00:30]} Nxd4 {[%emt 0:01:30]} 12. Nxd4 {[%emt 0:00:30]} d5 {[%emt 0:00:00]} 13. exd5 {[%emt 0:09:30]} Qxd5 {[%emt 0:00:00]} 14. Be3 {[%emt 0:01:30]} Qe4 {[%emt 0:01:30]} 15. Qb3 {[%emt 0:07:30]} Rd8 {[%emt 0:11:30]} 16. Rfd1 {[%emt 0:09:06]} Bd7 {[%emt 0:05:30]} 17. Rac1 {[%emt 0:06:13]} Rac8 {[%emt 0:02:30]} 18. f3 {[%emt 0:08:47]} Qe7 {[%emt 0:00:00]} 19. Kh1 {[%emt 0:02:19]} Rxc1 {[%emt 0:06:00]} 20. Rxc1 {[%emt 0:00:12]} Ba4 {[%emt 0:00:00]} 21. Qc3 {[%emt 0:01:47]} Qh4 {[%emt 0:01:00]} 22. Qa5 {[%emt 0:00:28]} Rxd4 {[%emt 0:03:30]} 23. Rc8+ {[%emt 0:00:58]} Bf8 {[%emt 0:00:30]} 24. Rxf8+ {[%emt 0:00:00]} Kxf8 {[%emt 0:04:30]} 25. Qc5+ {[%emt 0:00:00]} Kg8 {[%emt 0:00:30]} 26. Qxd4 {[%emt 0:00:00]} Qxd4 {[%emt 0:02:30]} 27. Bxd4 {[%emt 0:00:24]} a6 {[%emt 0:00:30]} 28. Bf6 {[%emt 0:00:30]} Kf8 {[%emt 0:00:00]} 29. Kg1 {[%emt 0:00:04]} Ke8 {[%emt 0:00:00]} 30. Kf2 {[%emt 0:00:00]} Kd7 {[%emt 0:00:30]} 31. Ke3 {[%emt 0:00:19]} 1/2-1/2

[Event "World Junior U20 Open 2018"]
[Site "Gebze"]
[Date "2018.09.12"]
[Round "8.76"]
[White "Dionizio, Andre Filipe Nascim"]
[Black "De Block, Yordi"]
[Result "1/2-1/2"]
[WhiteElo "2010"]
[BlackElo "2118"]
[Annotator "NA"]
[PlyCount "67"]
[EventDate "2018.09.05"]
[EventType "swiss"]
[EventCountry "TUR"]
[SourceTitle "playchess.com"]
[Source "ChessBase"]
[SourceQuality "1"]
[TimeControl "40/5400+30:1800+30"]

1. e4 {[%emt 0:02:30]} e5 {[%emt 0:00:30]} 2. Nf3 {[%emt 0:00:30]} Nc6 {[%emt 0:00:00]} 3. Bc4 {[%emt 0:00:00]} Nf6 {[%emt 0:00:00]} 4. d3 {[%emt 0:01:00]} d5 {[%emt 0:01:30]} 5. exd5 {[%emt 0:00:30]} Nxd5 {[%emt 0:00:30]} 6. h3 {[%emt 0:00:30]} Bc5 {[%emt 0:00:30]} 7. O-O {[%emt 0:00:30]} O-O {[%emt 0:00:30]} 8. a3 {[%emt 0:01:30]} a5 {[%emt 0:00:30]} 9. Nc3 {[%emt 0:01:30]} Nxc3 {[%emt 0:07:30]} 10. bxc3 {[%emt 0:00:00]} Qd6 {[%emt 0:01:30]} 11. Nd2 {[%emt 0:02:00]} Qg6 {[%emt 0:13:30]} 12. Qf3 {[%emt 0:13:30]} Be6 {[%emt 0:01:30]} 13. Ne4 {[%emt 0:07:30]} Be7 {[%emt 0:03:30]} 14. Bxe6 {[%emt 0:04:30]} Qxe6 {[%emt 0:00:30]} 15. Re1 {[%emt 0:05:30]} Rad8 {[%emt 0:02:30]} 16. Rb1 {[%emt 0:04:30]} f5 {[%emt 0:11:30]} 17. Ng5 {[%emt 0:01:30]} Qg6 {[%emt 0:03:30]} 18. Rxb7 {[%emt 0:15:30]} h6 {[%emt 0:11:30]} 19. Rxc7 {[%emt 0:01:30]} Rf6 {[%emt 0:00:30]} 20. h4 {[%emt 0:09:30]} hxg5 {[%emt 0:00:30]} 21. Bxg5 {[%emt 0:00:00]} e4 {[%emt 0:11:30]} 22. dxe4 {[%emt 0:09:12]} fxe4 {[%emt 0:03:30]} 23. Qe2 {[%emt 0:00:22]} Rf7 {[%emt 0:04:47]} 24. Bxe7 {[%emt 0:02:39]} Nxe7 {[%emt 0:00:33]} 25. Qxe4 {[%emt 0:00:14]} Qxe4 {[%emt 0:04:45]} 26. Rxe4 {[%emt 0:00:30]} Nf5 {[%emt 0:00:30]} 27. Rxf7 {[%emt 0:00:30]} Kxf7 {[%emt 0:00:30]} 28. Re5 {[%emt 0:00:30]} Nxh4 {[%emt 0:00:30]} 29. Rxa5 {[%emt 0:00:30]} Rc8 {[%emt 0:00:37]} 30. Rh5 {[%emt 0:03:43]} Ng6 {[%emt 0:00:42]} 31. Rh3 {[%emt 0:00:46]} Ne5 {[%emt 0:02:43]} 32. Kf1 {[%emt 0:00:48]} Ra8 {[%emt 0:01:06]} 33. Ke2 {[%emt 0:05:54]} Rxa3 {[%emt 0:00:23]} 34. f4 {[%emt 0:03:04]} 1/2-1/2

[Event "World Junior U20 Open 2018"]
[Site "Gebze"]
[Date "2018.09.12"]
[Round "8.77"]
[White "Cansun, Can Alp"]
[Black "Daghan, Devran"]
[Result "0-1"]
[WhiteElo "2110"]
[BlackElo "2004"]
[Annotator "NA"]
[PlyCount "142"]
[EventDate "2018.09.05"]
[EventType "swiss"]
[EventCountry "TUR"]
[SourceTitle "playchess.com"]
[Source "ChessBase"]
[SourceQuality "1"]
[TimeControl "40/5400+30:1800+30"]

1. e4 {[%emt 0:00:30]} c5 {[%emt 0:00:30]} 2. Nf3 {[%emt 0:00:00]} d6 {[%emt 0:00:30]} 3. d4 {[%emt 0:00:00]} cxd4 {[%emt 0:00:00]} 4. Qxd4 {[%emt 0:00:30]} e5 {[%emt 0:00:00]} 5. Qe3 {[%emt 0:00:30]} Be7 {[%emt 0:00:30]} 6. Nc3 {[%emt 0:00:30]} Nf6 {[%emt 0:00:30]} 7. Bc4 {[%emt 0:00:00]} O-O {[%emt 0:01:30]} 8. O-O {[%emt 0:00:00]} a6 {[%emt 0:03:30]} 9. Rd1 {[%emt 0:00:30]} Nbd7 {[%emt 0:02:30]} 10. Qe2 {[%emt 0:01:30]} b5 {[%emt 0:05:30]} 11. Bb3 {[%emt 0:00:30]} Bb7 {[%emt 0:00:30]} 12. Bg5 {[%emt 0:12:30]} Qc7 {[%emt 0:11:30]} 13. a3 {[%emt 0:08:30]} Rac8 {[%emt 0:18:30]} 14. Nd2 {[%emt 0:06:30]} Nc5 {[%emt 0:09:30]} 15. Bxf6 {[%emt 0:11:30]} Nxb3 {[%emt 0:01:30]} 16. cxb3 {[%emt 0:10:30]} Bxf6 {[%emt 0:02:30]} 17. Nf1 {[%emt 0:00:00]} Bg5 {[%emt 0:03:30]} 18. Qg4 {[%emt 0:00:00]} Bf4 {[%emt 0:01:30]} 19. Rd3 {[%emt 0:04:30]} Rcd8 {[%emt 0:04:30]} 20. Rad1 {[%emt 0:03:30]} Bc8 {[%emt 0:06:30]} 21. Qe2 {[%emt 0:00:30]} f5 {[%emt 0:07:36]} 22. Ne3 {[%emt 0:14:30]} fxe4 {[%emt 0:04:11]} 23. Nxe4 {[%emt 0:00:30]} Bxe3 {[%emt 0:00:33]} 24. Qxe3 {[%emt 0:00:30]} Bf5 {[%emt 0:11:19]} 25. f3 {[%emt 0:03:30]} d5 {[%emt 0:00:55]} 26. Rxd5 {[%emt 0:04:00]} Rxd5 {[%emt 0:00:34]} 27. Rxd5 {[%emt 0:00:10]} Bxe4 {[%emt 0:00:00]} 28. fxe4 {[%emt 0:06:38]} Qc2 {[%emt 0:00:06]} 29. h3 {[%emt 0:01:32]} Qxb2 {[%emt 0:00:45]} 30. b4 {[%emt 0:03:58]} h6 {[%emt 0:02:05]} 31. Rd1 {[%emt 0:04:43]} Kh7 {[%emt 0:00:44]} 32. Qg3 {[%emt 0:01:22]} Qe2 {[%emt 0:01:30]} 33. Rd7 {[%emt 0:01:06]} Qf1+ {[%emt 0:00:22]} 34. Kh2 {[%emt 0:00:05]} Qf6 {[%emt 0:00:10]} 35. Rd5 {[%emt 0:01:37]} Re8 {[%emt 0:00:20]} 36. Kg1 {[%emt 0:00:43]} Qb6+ {[%emt 0:00:39]} 37. Qf2 {[%emt 0:00:16]} Qxf2+ {[%emt 0:01:05]} 38. Kxf2 {[%emt 0:00:30]} Re6 {[%emt 0:00:00]} 39. Kf3 {[%emt 0:00:00]} Kg6 {[%emt 0:00:00]} 40. g3 {[%emt 0:00:00]} Kf6 {[%emt 0:00:00]} 41. Rc5 {[%emt 0:06:20]} Rd6 {[%emt 0:05:36]} 42. Ke3 {[%emt 0:00:30]} Ke6 {[%emt 0:00:30]} 43. Rc8 {[%emt 0:01:30]} Rd1 {[%emt 0:00:30]} 44. Ra8 {[%emt 0:00:30]} Rd6 {[%emt 0:00:30]} 45. Ra7 {[%emt 0:05:30]} Kf6 {[%emt 0:00:00]} 46. Rc7 {[%emt 0:00:58]} h5 {[%emt 0:01:00]} 47. Rc8 {[%emt 0:01:43]} Kf7 {[%emt 0:02:30]} 48. Rh8 {[%emt 0:01:44]} Rc6 {[%emt 0:02:30]} 49. Kd3 {[%emt 0:08:10]} Rg6 {[%emt 0:00:30]} 50. Rxh5 {[%emt 0:01:29]} Rxg3+ {[%emt 0:00:30]} 51. Kc2 {[%emt 0:00:04]} Rxa3 {[%emt 0:00:30]} 52. h4 {[%emt 0:00:00]} Rh3 {[%emt 0:03:31]} 53. Rf5+ {[%emt 0:04:42]} Ke6 {[%emt 0:05:15]} 54. h5 {[%emt 0:00:13]} Re3 {[%emt 0:00:32]} 55. Rg5 {[%emt 0:00:39]} Rxe4 {[%emt 0:00:06]} 56. Rxg7 {[%emt 0:00:52]} Rxb4 {[%emt 0:00:05]} 57. Rg6+ {[%emt 0:00:01]} Kd5 {[%emt 0:01:51]} 58. Rxa6 {[%emt 0:00:30]} Rh4 {[%emt 0:00:03]} 59. h6 {[%emt 0:00:00]} Kd4 {[%emt 0:01:15]} 60. Rb6 {[%emt 0:01:38]} Rh2+ {[%emt 0:06:59]} 61. Kc1 {[%emt 0:01:21]} Kc3 {[%emt 0:01:02]} 62. Rc6+ {[%emt 0:00:02]} Kb3 {[%emt 0:00:00]} 63. Rd6 {[%emt 0:02:19]} e4 {[%emt 0:01:00]} 64. Re6 {[%emt 0:00:34]} b4 {[%emt 0:00:07]} 65. Kd1 {[%emt 0:02:27]} Kc3 {[%emt 0:01:42]} 66. Rc6+ {[%emt 0:00:56]} Kb2 {[%emt 0:00:07]} 67. Rc4 {[%emt 0:00:19]} b3 {[%emt 0:00:06]} 68. Rxe4 {[%emt 0:00:00]} Rxh6 {[%emt 0:00:39]} 69. Re2+ {[%emt 0:00:00]} Ka1 {[%emt 0:00:05]} 70. Re8 {[%emt 0:00:55]} Rd6+ {[%emt 0:00:09]} 71. Ke2 {[%emt 0:00:00]} Ra6 {[%emt 0:00:18]} 0-1